|
|
|
|
| LEADER |
00000cam a2200000 a 4500 |
| 001 |
vtls001120676 |
| 003 |
SK-MaSNL |
| 005 |
20260301073458.0 |
| 008 |
240226s1988 xo gr 000 fdslo |
| 015 |
|
|
|a SNBA1988
|
| 020 |
|
|
|q (viazané)
|
| 035 |
|
|
|a SNK000063519
|
| 035 |
|
|
|a F3A49665-2A6C-4CDE-B143-48A818E9FDE9
|
| 035 |
|
|
|a urn:nbn:sk:snk-am00ihvb
|
| 040 |
|
|
|a SNK
|b slo
|c SNK
|e AACR2
|
| 041 |
0 |
|
|a slo
|
| 044 |
|
|
|a xo
|c SK
|
| 072 |
|
7 |
|a 821.162.4-3
|x Slovenská próza
|2 konspekt
|
| 080 |
|
|
|a 821.162.4-31
|2 2011
|
| 080 |
|
|
|a 821-311.6
|2 2011
|
| 100 |
1 |
|
|a Chudík, Michal,
|d 1914-2005
|4 aut
|9 158140
|
| 245 |
1 |
0 |
|a Hámornícky chlieb
|c Michal Chudík ; [ilustrácie Tomáš Krčméry]
|
| 250 |
|
|
|a 1. vyd.
|
| 260 |
|
|
|a Bratislava
|b Slovenský spisovateľ
|c 1988
|
| 300 |
|
|
|a 275 strán
|c 21 cm
|
| 366 |
|
|
|e 3000 kusov
|
| 490 |
1 |
|
|a Nová próza
|
| 500 |
|
|
|a Ilustrácie na frontispice. Obsahuje biografické údaje o autorovi
|
| 650 |
0 |
7 |
|a hámorníci
|2 SNKPH
|9 394605
|
| 655 |
|
7 |
|a slovenské romány
|2 SNKPH
|9 70324
|
| 655 |
|
7 |
|a historické romány
|2 SNKPH
|9 70253
|
| 700 |
1 |
|
|a Krčméry, Tomáš,
|d 1950-
|4 ill
|9 37045
|
| 830 |
|
0 |
|a Nová próza
|9 276824
|
| 852 |
|
|
|a Slovenská národná knižnica
|
| 954 |
|
|
|a beletria pôvodná (slovenská)
|2 lita
|
| 958 |
|
|
|a RK
|
| 958 |
|
|
|a TL
|
| 958 |
|
|
|a LX
|
| 958 |
|
|
|a OND
|
| 999 |
|
|
|c 644367
|d 646297
|
| 952 |
|
|
|a SNK
|b SNK
|y VYP
|7 0
|p 17A0532145
|o snkSC 71086 D1
|i snkKSP 1662/88
|3 rekatalogizácia
|0 0
|1 0
|4 0
|d 2007-01-09
|l 0
|r 2026-02-23 18:03:03
|w 2026-02-23
|
| 952 |
|
|
|a SNK
|b SNK
|y PREZ
|7 0
|p 17A0936804
|o snkSC 71086
|i snkKSP 1661/88
|0 0
|1 0
|4 0
|d 2012-08-07
|f 1
|l 0
|r 2025-07-22 00:00:00
|w 2026-02-23
|